000
00329nam a2200133Ia 4500
008
210210b1977 xxu||||| |||| 00| 0 eng d
082
_a
344.012 PAYM
100
_a
-
245
_a
Payment of wages act with rules.
260
_a
Allahabad
_b
Allahabad Law Agency
_c
1977
300
_a
24
690
_a
Labour Law
906
_a
SG01166
999
_c
112691
_d
112691